BIBLIOTHÈQUE DE LA MAISON DU MEXIQUE

Logo 1 Logo 2

Antología breve (notice nᵒ 2456)

détails MARC
000 -Sello discográfico
campo de control de longitud fija 00971nam a2200313 4500
005 - Identificación de versión
campo de control 20251017062706.0
010 ## - Número Estándar Internacional de Libros (ISBN)
Número (ISBN) 968-16-2049-6
035 ## - Otros números de control del sistema
Número de control del sistema 23303
099 ## - fechas locales
Tipo de ítem Koha LIBRO
100 ## - Datos de procesamiento general
Datos de procesamiento general 19980107d1986 m y1spay5003 ba
105 ## - Campo de datos codificados: Material textual, monográfico
Datos codificados de monografía y 001gy
200 1# - Título y mención de responsabilidad
Título propio Antología breve
Designación general del material texto impreso
Primer mención de responsabilidad Carlos Pellicer
Declaración de responsabilidad subsiguiente selección Carlos Pellicer López
205 ## - Declaración de edición
Declaración de edición 1a ed
210 ## - Publicación, distribución, etc.
Lugar de publicación, distribución, etc. México
Nombre del editor, distribuidor, etc. Fondo de Cultura Económica
-- Consejo Nacional de Recursos para la Atención de la Juventud
Fecha de publicación, distribución, etc. 1986
215 ## - Descripción física
Designación de material específico y extensión del ítem 172 p
Dimensiones 21 cm
345 ## - Nota de información de adquisición
Fuente de adquisición/dirección de la suscripción [OBSOLETO] Donación
410 #1 - Series
Título Biblioteca Joven
Número de volumen 43
606 ## - Término temático usado como materia
Elemento de entrada Poesía mexicana
Subdivisión cronológica Siglo XX
Número Koha 10
660 ## - Código de área geográfica
Código MX
700 ## - Nombre personal - Responsabilidad primaria
Elemento de entrada Pellicer Cámara
Parte del nombre distinta del elemento de entrada Carlos
Fechas 1897-1977
Número Koha 2780
702 ## - Nombre personal - Responsabilidad secundaria
Elemento de entrada Pellicer López
Parte del nombre distinta del elemento de entrada Carlos
Fechas 1948-
Número Koha 2781
801 #0 - Fuente de origen
Agencia cm
900 ## -
-- 1/15273
900 ## -
-- 710986840\\070198
942 ## - ELEMENTOS DE ENTRADA SECUNDARIOS (KOHA)
Tipo de ítem Koha Livre
996 ## -
-- MEX
-- 751145101
-- MMAG
-- 008296
-- 082.1 B582 V.43
-- 20230725LIV
Exemplaires
Estatus retirado Estado de daño Estado de pérdida Fecha de adquisición Biblioteca de origen Biblioteca actual Ubicación en estantería Código de barras Precio de reemplazo Signatura topográfica completa No para préstamo Tipo de ítem Koha Nota pública Nota no pública
      05/08/2025 Casa México Paris Casa México Paris   008296 05/08/2025 082.1 B582 V.43   Livre 20230725LIV 751145101